000 00550nmm a2200193Ia 4500
008 251105s9999||||xx |||||||||||||||||und||
020 _a9788415729884
041 _aspa
100 _aStevens, Amanda
245 0 _aLa restauradora
264 _a[Madrid, España] :
_bRoca Editorial,
_c2014
300 _a298 páginas
490 _aLa reina del cementerio
650 _aScience fiction & Fantasy
700 _aStevens, Amanda
700 1 _a Angulo Fernández, María
856 _uhttps://public.digitaliapublishing.com/a/34546
942 _cCF
999 _c71742
_d71742